000 00993nam a2200265 a 4500
001 BRCA_3450
005 20190320204305.0
041 _aswe
044 _asw
084 _a739
_b.L87
_c1857
100 1 _aCervantes Saavedra, Miguel de
_d1547-1616
_9213
245 1 0 _aCervantes´ Don Quixote
_cFör Ungdom. Bearbetad efter Florian. Med Plancher.
260 _aEstocolmo
_bTrykt hos J. W. Lundberg
_c[1857]
300 _a1 v.
_bil.
500 _aTraducción sueca anónima, compendiada y basada en la versión francesa de Florian. Rústica Lúdovik Osterc
546 _aTexto en : sueco
650 1 4 _aNovela española
_yÉpoca clásica, 1500-1700
_9215
650 1 4 _aLiteratura española
_yÉpoca clásica, 1500-1700
_9216
650 1 4 _aNovela española
_ySiglo XVII
_9217
650 1 4 _aDon Quijote (Personaje ficticio)
_eNovela
_9218
700 1 _aFlorian, Jean-Pierre
_d1755-1794
_eTraductor
_99024
740 0 _aEl Ingenioso Hidalgo Don Quijote de la Mancha
902 _aQFM
942 _2lcc
_cB
999 _c3186
_d3186